| 000 | 01349nam a2200313 a 4500 | ||
|---|---|---|---|
| 001 | 000000118 | ||
| 003 | 000000118 | ||
| 005 | 20180316152535.0 | ||
| 008 | 081126s2008 dr 001 0 spa d | ||
| 020 | _a9789945452037 | ||
| 020 | _a9945452037 | ||
| 040 |
_aBPMSU _bspa _cBPMSU |
||
| 082 | 0 | 4 |
_a158.1 _bA185c |
| 100 | 1 |
_aAcosta King, Héctor _d1951- |
|
| 245 | 1 | 0 |
_aCómo triunfar... : _ba pesar de todo / _cHéctor Acosta King. |
| 260 |
_aSanto Domingo : _bEl Nuevo Diario, _c2008. |
||
| 300 |
_axiv, 211 p. ; _c20 cm. |
||
| 500 | _aIncluye datos biográficos del autor en la solapa de la cubierta | ||
| 505 | 0 | _aPresentación -- Prólogo -- Introducción -- Cómo adquirí madurez psicológica -- Círculo vicioso -- Ilusión y espejismo -- Metas -- Comunicar -- Conocimiento -- Autoestima -- Simplificar -- La actitud -- Trabajar -- Detalles que hicieron grande a los grandes triunfadores -- Hombres que cambiaron la visión del mundo -- Gente que triunfó a pesar de sus limitaciones. | |
| 590 | _aLa biblioteca posee 3 ejemplar autografiados por el autor | ||
| 650 | 4 | _aÉXITO | |
| 650 | 4 | _aAUTOESTIMA | |
| 650 | 4 | _aPERSONALIDAD | |
| 650 | 4 | _aCONDUCTA (ÉTICA) | |
| 910 | _aValidado. Control de calidad MFF | ||
| 942 |
_2ddc _cBK |
||
| 945 | _aRemanejado para la BNPHU, 2018 / BT | ||
| 956 |
_aVMATEO _b10 _c20150923 _lBPMSU _h0069 |
||
| 999 |
_c7168 _d7168 |
||